García Márquez y la problemática de la novela / (Record no. 106106)

MARC details
000 -LEADER
campo de control de longitud fija 00818nam a2200229 i 4500
001 - NÚMERO DE CONTROL
campo de control 106106
003 - IDENTIFICADOR DE NÚMERO DE CONTROL
campo de control ES-MaACL
005 - FECHA Y HORA DE LA ÚLTIMA TRANSACCIÓN
campo de control 20250902174538.0
007 - CAMPO FIJO DE DESCRIPCIÓN FÍSICA--INFORMACIÓN GENERAL
campo de control de longitud fija t|
008 - DATOS DE LONGITUD FIJA--INFORMACIÓN GENERAL
campo de control de longitud fija 060927s1973 ag |||| | spa d
080 ## - NÚMERO DE LA CLASIFICACIÓN DECIMAL UNIVERSAL
Número de la Clasificación Decimal Universal 821.134.2(861) García Márquez, Gabriel 1.07
080 ## - NÚMERO DE LA CLASIFICACIÓN DECIMAL UNIVERSAL
Número de la Clasificación Decimal Universal 82-3.08
100 1# - ENTRADA PRINCIPAL--NOMBRE DE PERSONA
Nombre de persona Rama, Ángel.
9 (RLIN) 95057
245 10 - MENCIÓN DEL TÍTULO
Título García Márquez y la problemática de la novela /
Mención de responsabilidad, etc. Ángel Rama, Mario Vargas Llosa.
260 ## - PUBLICACIÓN, DISTRIBUCIÓN, ETC.
Lugar de publicación, distribución, etc. [Buenos Aires] :
Nombre del editor, distribuidor, etc. Corregidor-Marcha,
Fecha de publicación, distribución, etc. 1973.
300 ## - DESCRIPCIÓN FÍSICA
Extensión 89 p. ;
Dimensiones 18 cm.
600 14 - PUNTO DE ACCESO ADICIONAL DE MATERIA--NOMBRE DE PERSONA
Nombre de persona García Márquez, Gabriel,
Fechas asociadas al nombre 1927-2014-
Subdivisión general Crítica e interpretación
9 (RLIN) 54890
650 #4 - PUNTO DE ACCESO ADICIONAL DE MATERIA--TÉRMINO DE MATERIA
Término de materia o nombre geográfico como elemento de entrada Novela-
Subdivisión general Teoría y técnica.
9 (RLIN) 15606
700 1# - ENTRADA AGREGADA--NOMBRE PERSONAL
Nombre de persona Vargas Llosa, Mario,
Fechas asociadas al nombre 1936-2025
9 (RLIN) 240060
852 ## - LOCALIZACIÓN
Ubicación ES-MaACL
Número de control de estantería AND-787
Nota libre . - Biblioteca Juan Andrade
Holdings
Estatus retirado Estado de pérdida Estado de daño No para préstamo Biblioteca de origen Biblioteca actual Ubicación en estantería Fecha de adquisición Fuente de adquisición Total de préstamos Signatura topográfica completa Código de barras Visto por última vez Precio de reemplazo Tipo de ítem Koha
        Biblioteca del Ateneo de Madrid Biblioteca del Ateneo de Madrid Depósito 2 17/01/2008     AND-787 1110769 23/02/2023 23/02/2023 Libro impreso